Manchester United Transfer Record - Statistics

General Stats
  • This quiz has been taken 455 times
  • The average score is 19 of 25
Answer Stats
Price Signed from Year Country Answer % Correct
£89m Juventus 2016 France Paul Pogba
98%
£80m Leicester City 2019 England Harry Maguire
94%
£60m Real Madrid 2022 Brazil Casemiro
91%
£72.6m Borussia Dortmund 2021 England Jadon Sancho
91%
£81.3m Ajax 2022 Brazil Antony
89%
£75m Everton 2017 Belgium Romelu Lukaku
88%
£59.7m Real Madrid 2014 Argentina Angel Di Maria
87%
£47m Sporting Lisbon 2020 Portugal Bruno Fernandes
85%
£47m Shakhtar Donetsk 2018 Brazil Fred
84%
£46m Ajax 2022 Argentina Lisandro Martinez
80%
£30.75m Tottenham Hotspur 2008 Bulgaria Dimitar Berbatov
78%
£37m Chelsea 2014 Spain Juan Mata
77%
£34.2m Real Madrid 2021 France Raphael Varane
75%
£27m Everton 2004 England Wayne Rooney
74%
£36m Monaco 2015 France Anthony Martial
71%
£50m Crystal Palace 2020 England Aaron Wan-Bissaka
69%
£31m Benfica 2017 Sweden Victor Lindelof
66%
£35m Ajax 2020 Netherlands Donny van de Beek
64%
£30m Leeds United 2002 England Rio Ferdinand
63%
£27m Southampton 2014 England Luke Shaw
60%
£27.5 Everton 2013 Belgium Marouane Fellaini
60%
£30m Villareal 2016 Ivory Coast Eric Bailly
58%
£31m PSV Eindhoven 2015 Netherlands Memphis Depay
57%
£28m Lazio 2001 Argentina Juan Sebastian Veron
56%
£29m Athletic Bilbao 2014 Spain Ander Herrera
48%
No matching quizzes found
Score Distribution
Percent of People with Each Score
Percentile by Number Answered
Your Score History
You have not taken this quiz